Características de la participacion de la mujer en las asociaciones de desarrollo comunal /
में बचाया:
| मुख्य लेखक: | |
|---|---|
| अन्य लेखक: | , , |
| स्वरूप: | मूलपाठ |
| भाषा: | Spanish |
| प्रकाशित: |
San José:
MCJD. Centro Nal. para el Mejoramiento de la Mujer y la Familia
|
| टैग: |
टैग जोड़ें
कोई टैग नहीं, इस रिकॉर्ड को टैग करने वाले पहले व्यक्ति बनें!
|
MARC
| LEADER | 00000 a a2200000 04500 | ||
|---|---|---|---|
| 001 | 17958 | ||
| 003 | cru CIDCACS/IIS | ||
| 005 | 20170831122017.0 | ||
| 008 | 170831b xxu||||| |||| 00| 0 spa d | ||
| 999 | |c 17262 |d 17262 | ||
| 040 | |c CIDCACS/IIS | ||
| 090 | |a 05.03.03 C162c | ||
| 100 | |a Calvo, Ana I. | ||
| 245 | |a Características de la participacion de la mujer en las asociaciones de desarrollo comunal / |c Ana I. Calvo | ||
| 260 | |a San José: |b MCJD. Centro Nal. para el Mejoramiento de la Mujer y la Familia | ||
| 300 | |a 84 páginas | ||
| 700 | |a Picado Soto, Marta E. | ||
| 700 | |a Sánchez, Henry | ||
| 700 | |a Valverde, Nora | ||
| 942 | |2 ddc |c LI | ||
